00797nam a2200157 a 4500008004100000020001500041041000800056100002200064245003700086250001200123260004100135300001100176500008000187520035700267655001500624011117e1995 ag |||g |||| 000 1 spa d a9505460791 aspa1 aMenapace, Mamerto aMadera verde /cMamerto Menapace a14a ed. aBuenos Aires:bPatria Grande;c1995. a130 p. aMenapace, M. (1995). Madera verde. (14a ed.). Buenos Aires : Patria Grande. aSi lo quieto es posesiòn, el movimiento es esperanza. Y esperanza de posesiòn plena donde no existirà ni lo mìo ni lo tuyo. Porque allì no habrà dueños. Allì nadie impondrà su nombre a los demàs ni al paisaje porque cada uno tendrà su propio nombre y todos seremos para todos, justamente por ser autènticamente nosotros mismos. aLiteratura